000 00295nam a22001337a 4500
008 170526b xxu||||| |||| 00| 0 eng d
020 _a9780878578955
041 _aeng
080 _a621
100 _a25
101 _aIM
245 _aBICYCLE MAINTENANCE AND REPAIR
_cWOLF,R
942 _2udc
_cBK
999 _c14311
_d14311